00325 2200145 4500001002100000005001500021035002000036245003300056100001300089300001200102260003100114082000800145084001400153990001200167INLIS00000000000204520250527091601 a0010-05250003371 aSeri Siapa Dia ? /cEinstein0 aEinstein a116 hlm ajakarta :bErlangga,c2001 a300 a300 EIN s a0713109